| 000 | 00574nam a22002177i 4500 | ||
|---|---|---|---|
| 001 | 296 | ||
| 003 | OSt | ||
| 005 | 20170126082241.0 | ||
| 007 | tu | ||
| 008 | 161220s1988 xxu||||| |||| 00| 0 d | ||
| 024 | 7 |
_a295 _2RID |
|
| 040 | _cOSt | ||
| 084 |
_a3.21 _2z |
||
| 100 | 1 | _aKornai, Janos | |
| 242 | 0 | 0 | _aDer ungarische Reformprozeß:Vision,Hoffnung,und Wirklichkeit |
| 245 | 0 | 0 | _aMadarsky reformni proces:Vize, nadeje a skutecnost |
| 260 |
_aPraha : _bEU-CSAV, _c1988. |
||
| 300 |
_a108 S. ; _c21cm. |
||
| 490 |
_aEkonomicke vedy v socialistickych zemich _v3 |
||
| 651 | _aHungary | ||
| 942 | _cB | ||
| 999 |
_c292 _d292 |
||